书目信息 |
| 题名: |
教育家陈鹤琴研究
|
|
| 作者: | 王伦信 著 | |
| 分册: | ||
| 出版信息: | 济南 山东人民出版社 2015 |
|
| 页数: | 40,290页 | |
| 开本: | 24cm | |
| 丛书名: | 中国近现代原创型教育家研究丛书 | |
| 单 册: | ||
| 中图分类: | G40-092.74 | |
| 科图分类: | ||
| 主题词: | ||
| 电子资源: | ||
| ISBN: | 978-7-209-09373-6 | |
| 000 | 01090nam0 22002651 450 | |
| 001 | 0119171250 | |
| 005 | 20170619171250.0 | |
| 010 | @a978-7-209-09373-6@b精装@dCNY62.00 | |
| 100 | @a20160715d2015 emky0chiy50 ea | |
| 101 | 0 | @achi |
| 102 | @aCN@b370000 | |
| 105 | @ay z 000yd | |
| 106 | @ar | |
| 200 | 1 | @a教育家陈鹤琴研究@9jiao yu jia chen he qin yan jiu@f王伦信著 |
| 210 | @a济南@c山东人民出版社@d2015 | |
| 215 | @a40,290页@d24cm | |
| 225 | 2 | @a中国近现代原创型教育家研究丛书@9zhong guo jin xian dai yuan chuang xing jiao yu jia yan jiu cong shu@f宋恩荣,李剑萍总主编 |
| 300 | @a“十二五”国家重点图书出版规划项目 | |
| 330 | @a本书对教育家陈鹤琴的教育思想进行研究。全书共七章,内容包括变革时代求学求真、教育科学研究方法的引进与影响、中国儿童学的开拓与推进、学前教育思想与实践、小学教育思想与实践等。 | |
| 461 | 0 | @12001 @a中国近现代原创型教育家研究丛书 |
| 600 | 0 | @a陈鹤琴@9chen he qin@f(1892-1982)@x教育思想@x研究 |
| 690 | @aG40-092.74@v5 | |
| 701 | 0 | @a王伦信@9wang lun xin@f(1961~)@4著 |
| 801 | 0 | @aCN@b百万庄@c20170616 |
| 905 | @b1011975-80@dG40-092.74@e778@f6 | |
| 教育家陈鹤琴研究/王伦信著 .-济南:山东人民出版社,2015 |
| 40,290页;24cm.-(中国近现代原创型教育家研究丛书/宋恩荣,李剑萍总主编) |
| “十二五”国家重点图书出版规划项目 |
| ISBN 978-7-209-09373-6(精装):CNY62.00 |
| 本书对教育家陈鹤琴的教育思想进行研究。全书共七章,内容包括变革时代求学求真、教育科学研究方法的引进与影响、中国儿童学的开拓与推进、学前教育思想与实践、小学教育思想与实践等。 |
| ● |
| 相关链接 |
|
|
|
|
正题名:教育家陈鹤琴研究
索取号:G40-092.74/778
 
预约/预借
| 序号 | 登录号 | 条形码 | 馆藏地/架位号 | 状态 | 备注 |
| 1 | 1011975 | 210119753 | 第一样本阅览室/ [索取号:G40-092.74/778] | 在馆 | |
| 2 | 1011976 | 210119762 | 教育系资料室/ [索取号:G40-092.74/778] | 在馆 | |
| 3 | 1011977 | 210119771 | 教育系资料室/ [索取号:G40-092.74/778] | 在馆 | |
| 4 | 1011978 | 210119780 | 教育系资料室/ [索取号:G40-092.74/778] | 在馆 | |
| 5 | 1011979 | 210119799 | 第四借阅区/ [索取号:G40-092.74/778] | 在馆 | |
| 6 | 1011980 | 210119806 | 第四借阅区/ [索取号:G40-092.74/778] | 在馆 |